000 00313nam a2200133Ia 4500
005 20251222144914.0
008 251222s9999||||xx |||||||||||||| ||spa||
020 _a84-493-1300-7
082 _a415/B24
100 _aBarthes,Roland
245 0 _aVariaciones sobre la Escritura
264 _bPaidós
942 _cLIB
999 _c22463
_d22463